[Event "AUTO-OPEN-1795"]
[Site "http://www.queenalice.com/game.php?id=696727"]
[Date "2009.12.12"]
[Round "1"]
[White "Morysek"]
[Black "mehdi"]
[Result "1-0"]
[WhiteElo "2156"]
[BlackElo "1500"]

1. f4 Nf6 2. Nf3 e6 3. e3 Be7 4. b3 b6 5. Be2 Bb7 6. O-O O-O 7. Bb2 d5 8. Ne5
Bd6 9. Bd3 Ne4 10. Qg4 f5 11. Qe2 Nd7 12. Nxd7 Qxd7 13. Nc3 Qe7 14. Bxe4 fxe4
15. Qh5 g6 16. Qh6 1-0

[Event "AUTO-OPEN-1796"]
[Site "http://www.queenalice.com/game.php?id=697131"]
[Date "2009.12.12"]
[Round "1"]
[White "paulofreitas"]
[Black "mehdi"]
[Result "1-0"]
[WhiteElo "1696"]
[BlackElo "1452"]

1. d4 f5 2. Nc3 Nf6 3. g4 Nxg4 4. f3 Nf6 5. Bh3 e6 6. a3 Be7 7. Bg5 O-O 8. e4
fxe4 9. fxe4 h6 10. Be3 b6 11. Qf3 Nd5 12. Qe2 Bh4+ 13. Kd2 Nxe3 14. Qxe3 Bg5
15. Nf3 Bxe3+ 16. Kxe3 Nc6 17. Bg4 Bb7 18. Rhg1 Na5 19. b3 d5 20. Bxe6+ Kh8 21.
Ne5 dxe4 22. Ng6+ Kh7 23. Nxf8+ Qxf8 24. Nxe4 Re8 25. Raf1 Qxa3 26. Ra1 1-0

[Event "AUTO-OPEN-1796"]
[Site "http://www.queenalice.com/game.php?id=697132"]
[Date "2009.12.12"]
[Round "1"]
[White "mehdi"]
[Black "paulofreitas"]
[Result "0-1"]
[WhiteElo "1466"]
[BlackElo "1689"]

1. e4 Nf6 2. Nc3 e5 3. Bc4 Nc6 4. a3 d6 5. Nf3 Ng4 6. d3 Be7 7. h3 Nf6 8. Be3
Na5 9. Ba2 Bd7 10. b4 Nc6 11. O-O h6 12. Qd2 Be6 13. Bxe6 fxe6 14. Nh2 a6 15. f3
d5 16. exd5 exd5 17. Ng4 d4 18. Nxf6+ Bxf6 19. Nd5 Qxd5 20. Bf2 O-O 21. c4 Qe6
22. c5 Kh7 23. Rfe1 Bg5 24. Qe2 Qg6 0-1

[Event "AUTO-OPEN-1796"]
[Site "http://www.queenalice.com/game.php?id=697151"]
[Date "2009.12.12"]
[Round "1"]
[White "jartuga99"]
[Black "mehdi"]
[Result "1-0"]
[WhiteElo "2014"]
[BlackElo "1500"]

1. e4 c5 2. Bc4 e6 3. d3 Be7 4. a4 Nc6 5. c3 a6 6. Nf3 Nf6 7. h3 O-O 8. O-O b6
9. Bf4 Na5 10. Ba2 Bb7 11. Na3 d5 12. e5 Nd7 13. d4 c4 14. Nc2 f5 15. Ne3 Nc6
16. b3 b5 17. b4 g6 18. Bh6 Rf7 19. g3 Bf8 20. Bg5 Be7 21. h4 Bxg5 22. Nxg5 Re7
23. h5 h6 24. Nh3 g5 25. f4 g4 26. Nf2 1-0

[Event "AUTO-OPEN-1796"]
[Site "http://www.queenalice.com/game.php?id=697152"]
[Date "2009.12.12"]
[Round "1"]
[White "mehdi"]
[Black "jartuga99"]
[Result "0-1"]
[WhiteElo "1500"]
[BlackElo "2012"]

1. e4 c5 2. Nf3 Nc6 3. Nc3 d6 4. Bb5 Bd7 5. a3 a6 6. Bxc6 Bxc6 7. d3 e5 8. Be3
h6 9. Qd2 Qd7 10. Nd5 Bxd5 11. exd5 f5 12. Nh4 f4 13. Bxf4 exf4 14. Qe2+ Qe7 15.
Qxe7+ Bxe7 16. c4 g5 17. Ng6 Rh7 18. O-O Bf6 19. Rfe1+ Kf7 20. Nxf4 gxf4 21. Re6
Be5 22. Rb1 Nf6 23. b4 Nd7 24. Re1 cxb4 25. axb4 a5 26. bxa5 Nc5 27. R6xe5 dxe5
0-1

[Event "AUTO-OPEN-1798"]
[Site "http://www.queenalice.com/game.php?id=698227"]
[Date "2009.12.15"]
[Round "1"]
[White "mehdi"]
[Black "holandes"]
[Result "0-1"]
[WhiteElo "1500"]
[BlackElo "1958"]

1. d4 d5 2. Nf3 c6 3. g3 Bf5 4. Nc3 h6 5. e3 Bg6 6. Bg2 f6 7. O-O Na6 8. a3 Qd7
9. Nh4 Bf7 10. b4 g5 11. Nf3 Bh5 12. Qd3 b5 13. Bb2 e6 14. Nd2 e5 15. dxe5 fxe5
16. Ne2 Bg7 17. f4 Qd6 18. Qf5 Bxe2 19. Rf2 Bh5 20. fxe5 Qe7 21. Bd4 Nc7 22. g4
Bf7 0-1

[Event "AUTO-OPEN-1798"]
[Site "http://www.queenalice.com/game.php?id=698248"]
[Date "2009.12.15"]
[Round "1"]
[White "rubenov"]
[Black "mehdi"]
[Result "1-0"]
[WhiteElo "1972"]
[BlackElo "1466"]

1. d4 f5 2. c4 Nf6 3. Nc3 e6 4. a3 Be7 5. Nf3 b6 6. Bf4 Bb7 7. e3 O-O 8. Ne5 d6
9. Nd3 Nbd7 10. Nb5 Ne4 11. f3 a6 12. Nc3 Nxc3 13. bxc3 c5 14. Qb3 Nf6 15. Rb1
d5 16. Qxb6 Qxb6 17. Rxb6 Nd7 18. Rxb7 Rfd8 19. cxd5 c4 20. Ne5 Nxe5 21. Bxe5
Bf6 22. Bxf6 gxf6 23. dxe6 1-0

[Event "AUTO-OPEN-1798"]
[Site "http://www.queenalice.com/game.php?id=698249"]
[Date "2009.12.15"]
[Round "1"]
[White "mehdi"]
[Black "rubenov"]
[Result "0-1"]
[WhiteElo "1466"]
[BlackElo "1970"]

1. d4 b6 2. e4 Bb7 3. f3 e6 4. Bd3 Qh4+ 5. g3 Qd8 6. Ne2 Nf6 7. O-O h5 8. e5 Nd5
9. c4 Nb4 10. Nbc3 Nxd3 11. Qxd3 Na6 12. a3 g5 13. Kf2 h4 14. g4 d6 15. exd6
Qxd6 16. d5 Nc5 17. Qd4 e5 18. Qd1 c6 19. Bxg5 f6 20. Bc1 Ba6 21. b3 O-O-O 22.
Be3 cxd5 0-1

[Event "AUTO-OPEN-1798"]
[Site "http://www.queenalice.com/game.php?id=698260"]
[Date "2009.12.15"]
[Round "1"]
[White "Pagano"]
[Black "mehdi"]
[Result "1-0"]
[WhiteElo "1988"]
[BlackElo "1424"]

1. f4 c5 2. e4 e6 3. Nf3 Nc6 4. Nc3 Be7 5. Bc4 h6 6. O-O b6 7. d4 cxd4 8. Nxd4
Bc5 9. Be3 Nge7 10. Kh1 Bb7 11. Nxc6 Bxc6 12. Bxc5 bxc5 13. Qd6 1-0

[Event "AUTO-OPEN-1798"]
[Site "http://www.queenalice.com/game.php?id=698261"]
[Date "2009.12.15"]
[Round "1"]
[White "mehdi"]
[Black "Pagano"]
[Result "0-1"]
[WhiteElo "1424"]
[BlackElo "1986"]

1. d4 d5 2. Nf3 Nf6 3. Nc3 c5 4. dxc5 Nc6 5. e3 e5 6. Bb5 Bg4 7. h3 Bh5 8. g4
Nxg4 9. hxg4 Bxg4 10. Bd2 e4 11. Bxc6+ bxc6 12. Qe2 Bxc5 13. O-O-O Bxf3 0-1

[Event "AUTO-INT-1552"]
[Site "http://www.queenalice.com/game.php?id=699906"]
[Date "2009.12.18"]
[Round "1"]
[White "mehdi"]
[Black "magrella"]
[Result "0-1"]
[WhiteElo "1424"]
[BlackElo "1557"]

1. d4 d5 2. e3 b6 3. Nf3 Nf6 4. Bd3 e6 5. Bd2 c5 6. Bb5+ Bd7 7. Qe2 a6 8. Bxd7+
Nbxd7 9. c3 c4 10. b4 b5 0-1

[Event "AUTO-INT-1552"]
[Site "http://www.queenalice.com/game.php?id=699921"]
[Date "2009.12.18"]
[Round "1"]
[White "mehdi"]
[Black "acm_chessmaster"]
[Result "0-1"]
[WhiteElo "1500"]
[BlackElo "1744"]

1. d4 d5 2. Nf3 Nc6 3. e3 Bg4 4. Be2 Bxf3 5. Bxf3 Nf6 6. Nc3 e6 7. a3 Be7 8. O-O
O-O 9. b4 a6 10. Bb2 b5 11. Ne2 a5 12. c3 Qd6 13. Qc2 axb4 14. cxb4 Bd8 15. Rac1
Ne7 16. Qc5 Qxc5 0-1

[Event "AUTO-INT-1552"]
[Site "http://www.queenalice.com/game.php?id=699922"]
[Date "2009.12.18"]
[Round "1"]
[White "acm_chessmaster"]
[Black "mehdi"]
[Result "1-0"]
[WhiteElo "1750"]
[BlackElo "1481"]

1. e4 c5 2. d4 cxd4 3. Qxd4 Nc6 4. Qd1 e5 5. Nf3 Nf6 6. Bb5 d6 7. Bg5 Be7 8. Nc3
O-O 9. O-O a6 10. Bxc6 bxc6 11. Bxf6 Bxf6 12. Qd3 Bb7 13. Rfe1 Be7 14. Na4 c5
15. c4 Bc6 16. Nc3 1-0

[Event "AUTO-INT-1552"]
[Site "http://www.queenalice.com/game.php?id=699923"]
[Date "2009.12.18"]
[Round "1"]
[White "mehdi"]
[Black "MC"]
[Result "0-1"]
[WhiteElo "1438"]
[BlackElo "1711"]

1. d4 h5 2. e4 e6 3. f3 h4 4. Bf4 c6 5. c4 g5 6. Be3 Na6 7. a3 b6 8. b4 Bg7 9.
e5 Nh6 10. Nc3 Nf5 0-1

[Event "AUTO-INT-1552"]
[Site "http://www.queenalice.com/game.php?id=699924"]
[Date "2009.12.18"]
[Round "1"]
[White "MC"]
[Black "mehdi"]
[Result "1-0"]
[WhiteElo "1716"]
[BlackElo "1430"]

1. a4 e5 2. a5 Bc5 3. Nc3 c6 4. d3 Ne7 5. e4 O-O 6. Nh3 d6 7. Ng5 Ng6 8. h4 h6
9. g3 f5 10. Qh5 Qf6 11. Bh3 1-0

[Event "AUTO-OPEN-1804"]
[Site "http://www.queenalice.com/game.php?id=700186"]
[Date "2009.12.19"]
[Round "1"]
[White "jx1200"]
[Black "mehdi"]
[Result "1-0"]
[WhiteElo "1813"]
[BlackElo "1441"]

1. e4 c5 2. Nf3 Nc6 3. Bb5 d6 4. O-O Bd7 5. c3 e5 6. d4 cxd4 7. cxd4 Nge7 8. Nc3
a6 9. Bc4 Bg4 10. Nxe5 dxe5 11. Qxg4 1-0

[Event "AUTO-OPEN-1804"]
[Site "http://www.queenalice.com/game.php?id=700187"]
[Date "2009.12.19"]
[Round "1"]
[White "mehdi"]
[Black "jx1200"]
[Result "0-1"]
[WhiteElo "1439"]
[BlackElo "1814"]

1. d4 Nf6 2. Bf4 c5 3. d5 Qb6 4. c4 Qxb2 5. Nd2 g6 6. Qb1 Qc3 7. e4 Nxe4 8. Qc1
Bg7 9. Rb1 Bd4 10. Bd3 Qxc1+ 0-1

[Event "AUTO-OPEN-1804"]
[Site "http://www.queenalice.com/game.php?id=700208"]
[Date "2009.12.19"]
[Round "1"]
[White "Janus"]
[Black "mehdi"]
[Result "1-0"]
[WhiteElo "1311"]
[BlackElo "1381"]

1. e4 c5 2. Nf3 d6 3. d3 Bg4 4. h3 Bh5 5. Be2 Nf6 6. O-O e5 7. Nc3 Be7 8. Be3
O-O 9. Bg5 h6 10. Bxf6 Bxf6 11. Nd5 Nc6 12. Nxf6+ Qxf6 13. c3 Qe7 14. c4 1-0

[Event "AUTO-OPEN-1804"]
[Site "http://www.queenalice.com/game.php?id=700209"]
[Date "2009.12.19"]
[Round "1"]
[White "mehdi"]
[Black "Janus"]
[Result "0-1"]
[WhiteElo "1401"]
[BlackElo "1291"]

1. d4 d5 2. Nf3 Nf6 3. Nc3 Nc6 4. e3 e6 5. Bb5 a6 6. Bxc6+ bxc6 7. b3 Bd6 8. Bb2
O-O 9. O-O Qe8 10. a4 e5 11. dxe5 Bxe5 12. Nxe5 Qxe5 13. Rb1 Bg4 0-1